[Event "Hastings Masters"]
[Site "Hastings, England"]
[Date "2014.12.31"
[Round "3.1"]
[White "Vakhidov, Jahongir"]
[WhiteElo "2502"]
[Black "Edouard, Romain"]
[BlackElo "2659"]
[Result "1/2-1/2"]

1. d4 {[%clk 1:40:51]} d5 {[%clk 1:39:05]} 2. Nf3 {[%clk 1:40:58]} Nf6
{[%clk 1:39:31]} 3. e3 {[%clk 1:41:03]} e6 {[%clk 1:31:03]} 4. Bd3
{[%clk 1:41:04]} c5 {[%clk 1:30:32]} 5. b3 {[%clk 1:41:10]} Nc6 {[%clk 1:30:17]}
6. O-O {[%clk 1:40:51]} Bd6 {[%clk 1:29:14]} 7. Bb2 {[%clk 1:40:55]} cxd4
{[%clk 1:12:36]} 8. exd4 {[%clk 1:41:00]} Ne4 {[%clk 1:11:56]} 9. Bxe4
{[%clk 1:39:20]} dxe4 {[%clk 1:12:17]} 10. Nfd2 {[%clk 1:39:10]} O-O
{[%clk 1:06:08]} 11. Nxe4 {[%clk 1:29:33]} Bxh2+ {[%clk 1:06:27]} 12. Kxh2
{[%clk 1:30:00]} Qh4+ {[%clk 1:06:52]} 13. Kg1 {[%clk 1:30:16]} Qxe4
{[%clk 1:07:18]} 14. Nd2 {[%clk 1:30:32]} Qg6 {[%clk 0:58:24]} 15. Re1
{[%clk 1:23:56]} Rd8 {[%clk 0:56:14]} 16. Re4 {[%clk 1:13:15]} e5
{[%clk 0:53:17]} 17. c3 {[%clk 1:07:37]} Bh3 {[%clk 0:37:29]} 18. g3
{[%clk 0:57:55]} Be6 {[%clk 0:36:21]} 19. Rh4 {[%clk 0:55:41]} exd4
{[%clk 0:31:17]} 20. cxd4 {[%clk 0:55:38]} Ne7 {[%clk 0:29:36]} 21. Nc4
{[%clk 0:51:16]} Nf5 {[%clk 0:28:47]} 22. Ne5 {[%clk 0:46:08]} Qf6
{[%clk 0:27:40]} 23. Rf4 {[%clk 0:32:53]} Qh6 {[%clk 0:27:47]} 24. Ng4
{[%clk 0:33:06]} Qg5 {[%clk 0:20:11]} 25. Qf3 {[%clk 0:32:29]} Ne7
{[%clk 0:18:07]} 26. Ne3 {[%clk 0:27:05]} Rac8 {[%clk 0:18:26]} 27. Re4
{[%clk 0:23:35]} Qg6 {[%clk 0:16:24]} 28. Re5 {[%clk 0:19:10]} Nc6
{[%clk 0:13:47]} 29. Rc5 {[%clk 0:15:55]} Nxd4 {[%clk 0:08:33]} 30. Bxd4
{[%clk 0:16:08]} Rxd4 {[%clk 0:09:00]} 31. Nd5 {[%clk 0:13:23]} Re8
{[%clk 0:06:41]} 32. Re1 {[%clk 0:13:45]} Qg5 {[%clk 0:03:39]} 33. Re5
{[%clk 0:10:05]} Qd8 {[%clk 0:02:16]} 34. Nc7 {[%clk 0:09:46]} b6
{[%clk 0:00:50]} 35. Rc1 {[%clk 0:00:56]} Rf8 {[%clk 0:00:49]} 36. Nxe6
{[%clk 0:00:39]} fxe6 {[%clk 8:01:17]} 37. Qe3 {[%clk 0:00:32]} Rd3
{[%clk 0:00:52]} 38. Qe4 {[%clk 0:00:33]} Rd2 {[%clk 0:00:36]} 39. Rh5
{[%clk 0:00:34]} h6 {[%clk 0:00:34]} 40. Qxe6+ {[%clk 0:00:58]} Kh7
{[%clk 0:00:38]} 41. Qe4+ {[%clk 0:25:59]} Kh8 {[%clk 0:49:39]} 42. Rf5
{[%clk 0:23:02]} Rxa2 {[%clk 0:40:59]} 43. Qf4 {[%clk 0:21:42]} Rxf5
{[%clk 0:40:11]} 44. Qxf5 {[%clk 0:22:00]} Ra5 {[%clk 0:40:39]} 45. Qf7
{[%clk 0:05:31]} Qd5 {[%clk 0:37:26]} 46. Qf8+ {[%clk 0:02:34]} Kh7
{[%clk 0:37:39]} 47. b4 {[%clk 0:03:00]} Ra2 {[%clk 0:35:32]} 48. Kh2
{[%clk 0:02:53]} Qe5 {[%clk 0:21:45]} 49. Rc8 {[%clk 0:02:14]} Rd2
{[%clk 0:19:23]} 50. Qg8+ {[%clk 0:01:15]} Kg6 {[%clk 0:19:52]} 51. Rc6+
{[%clk 0:01:36]} Rd6 {[%clk 0:20:08]} 52. Rc7 {[%clk 0:01:07]} a5
{[%clk 0:15:20]} 53. bxa5 {[%clk 0:01:35]} bxa5 {[%clk 0:15:48]} 54. Qf8
{[%clk 0:01:42]} Rd5 {[%clk 0:06:50]} 55. Ra7 {[%clk 0:00:38]} Qd4
{[%clk 0:03:12]} 56. Qf7+ {[%clk 0:00:33]} Kh7 {[%clk 0:03:41]} 57. Ra8
{[%clk 0:00:47]} Qe5 {[%clk 0:00:40]} 58. Qg8+ {[%clk 0:01:09]} Kg6
{[%clk 0:01:09]} 59. Re8 {[%clk 0:01:32]} Qh5+ {[%clk 0:01:00]} 60. Kg2
{[%clk 0:02:00]} Rd6 {[%clk 0:00:55]} 61. Ra8 {[%clk 0:10:46]} Qd5+
{[%clk 0:10:25]} 62. Qxd5 {[%clk 0:10:43]} Rxd5 {[%clk 0:10:53]} 63. Ra7
{[%clk 0:09:44]} h5 {[%clk 0:07:01]} 64. Kh3 {[%clk 0:10:05]} Kf6
{[%clk 0:06:08]} 65. g4 {[%clk 0:08:53]} g6 {[%clk 0:04:42]} 66. f4
{[%clk 0:08:56]} hxg4+ {[%clk 0:03:49]} 67. Kxg4 {[%clk 0:09:20]} Rb5
{[%clk 0:03:44]} 1/2-1/2

[Event "Hastings Masters"]
[Site "Hastings, England"]
[Date "2014.12.31"
[Round "3.2"]
[White "Arkell, Keith C"]
[WhiteElo "2489"]
[Black "Zhao, Jun"]
[BlackElo "2585"]
[Result "0-1"]

1. d4 {[%clk 1:37:50]} Nf6 {[%clk 1:40:49]} 2. Nf3 {[%clk 1:38:10]} g6
{[%clk 1:41:12]} 3. c4 {[%clk 1:38:34]} Bg7 {[%clk 1:41:37]} 4. Nc3
{[%clk 1:38:52]} O-O {[%clk 1:41:50]} 5. g3 {[%clk 1:39:16]} d6 {[%clk 1:42:11]}
6. Bg2 {[%clk 1:39:40]} Nc6 {[%clk 1:42:34]} 7. O-O {[%clk 1:39:57]} Rb8
{[%clk 1:43:00]} 8. b3 {[%clk 1:39:25]} a6 {[%clk 1:38:19]} 9. Nd5
{[%clk 1:39:03]} Nxd5 {[%clk 4:53:44]} 10. cxd5 {[%clk 1:39:28]} Nb4
{[%clk 1:35:48]} 11. e4 {[%clk 1:38:00]} f5 {[%clk 1:36:06]} 12. a3
{[%clk 1:19:13]} fxe4 {[%clk 1:34:52]} 13. axb4 {[%clk 1:19:39]} Bg4
{[%clk 1:21:09]} 14. Re1 {[%clk 1:19:00]} Bxf3 {[%clk 1:13:36]} 15. Bxf3
{[%clk 1:19:19]} exf3 {[%clk 1:14:01]} 16. Bg5 {[%clk 1:12:48]} Qd7
{[%clk 0:46:42]} 17. Rxe7 {[%clk 1:04:19]} Qf5 {[%clk 0:45:49]} 18. Bf4
{[%clk 0:50:10]} Rf7 {[%clk 0:27:56]} 19. Rxf7 {[%clk 0:49:09]} Qxf7
{[%clk 0:28:22]} 20. Rc1 {[%clk 0:46:47]} Re8 {[%clk 0:26:41]} 21. Rc3
{[%clk 0:19:10]} Qxd5 {[%clk 0:26:18]} 22. Rxf3 {[%clk 0:16:55]} Qxd4
{[%clk 0:26:06]} 23. Qc2 {[%clk 0:12:19]} Qd5 {[%clk 0:14:44]} 24. Qc4
{[%clk 0:10:32]} Qxc4 {[%clk 0:13:26]} 25. bxc4 {[%clk 0:10:57]} Re4
{[%clk 0:06:52]} 26. c5 {[%clk 0:11:22]} Rxb4 {[%clk 0:06:05]} 27. cxd6
{[%clk 0:11:47]} cxd6 {[%clk 0:06:32]} 28. Bxd6 {[%clk 0:12:13]} Rd4
{[%clk 0:06:20]} 29. Bc5 {[%clk 0:11:31]} Rc4 {[%clk 0:05:56]} 30. Bd6
{[%clk 0:11:45]} Rd4 {[%clk 0:03:41]} 31. Bc5 {[%clk 0:12:10]} Rd5
{[%clk 0:04:08]} 32. Ba3 {[%clk 0:12:16]} Rd7 {[%clk 0:03:57]} 33. Bc5
{[%clk 0:10:14]} Bd4 {[%clk 0:02:21]} 34. Rf8+ {[%clk 0:06:58]} Kg7
{[%clk 0:02:47]} 35. Rc8 {[%clk 0:07:25]} Bxc5 {[%clk 0:02:50]} 36. Rxc5
{[%clk 0:07:51]} Kf6 {[%clk 0:03:00]} 37. h4 {[%clk 0:08:17]} Ke6
{[%clk 0:03:00]} 38. h5 {[%clk 0:08:40]} Kd6 {[%clk 0:02:50]} 39. Rg5
{[%clk 0:08:51]} gxh5 {[%clk 0:02:56]} 40. Rxh5 {[%clk 0:09:11]} Kc6
{[%clk 0:03:07]} 41. f4 {[%clk 0:09:23]} b6 {[%clk 0:01:30]} 42. Kf2
{[%clk 0:09:34]} a5 {[%clk 0:01:44]} 43. Rh1 {[%clk 0:08:18]} a4 {[%clk 0:01:09]}
44. Ra1 {[%clk 0:08:10]} b5 {[%clk 0:49:42]} 45. Ke3 {[%clk 0:58:34]} Kc5
{[%clk 0:43:18]} 46. f5 {[%clk 0:58:57]} Re7+ {[%clk 0:32:44]} 47. Kf4
{[%clk 0:55:29]} Ra7 {[%clk 0:32:18]} 48. f6 {[%clk 0:51:22]} b4 {[%clk 0:32:02]}
49. Re1 {[%clk 0:51:02]} b3 {[%clk 0:28:20]} 50. Re7 {[%clk 0:51:26]} Ra8
{[%clk 0:28:14]} 51. f7 {[%clk 0:51:43]} Rf8 {[%clk 0:28:23]} 52. Rb7
{[%clk 0:50:59]} Kc6 {[%clk 0:28:18]} 0-1

[Event "Hastings Masters"]
[Site "Hastings, England"]
[Date "2014.12.31"
[Round "3.3"]
[White "Lagarde, Maxime"]
[WhiteElo "2576"]
[Black "Hebden, Mark L"]
[BlackElo "2523"]
[Result "1-0"]

1. e4 {[%clk 1:34:23]} e5 {[%clk 1:40:45]} 2. Nf3 {[%clk 1:34:28]} Nc6
{[%clk 1:41:07]} 3. Bc4 {[%clk 1:34:42]} Nf6 {[%clk 1:40:40]} 4. d3
{[%clk 1:34:42]} Be7 {[%clk 1:40:32]} 5. a4 {[%clk 1:34:56]} O-O {[%clk 1:39:04]}
6. O-O {[%clk 1:35:12]} d5 {[%clk 1:31:22]} 7. exd5 {[%clk 1:35:36]} Nxd5
{[%clk 1:31:47]} 8. Nbd2 {[%clk 1:35:59]} Kh8 {[%clk 1:26:16]} 9. Re1
{[%clk 1:35:33]} f6 {[%clk 1:26:10]} 10. a5 {[%clk 1:33:02]} Bg4 {[%clk 1:16:49]}
11. c3 {[%clk 1:30:32]} Rb8 {[%clk 1:11:57]} 12. h3 {[%clk 1:18:17]} Bh5
{[%clk 1:09:50]} 13. Ne4 {[%clk 1:12:34]} Bf7 {[%clk 1:04:54]} 14. Qa4
{[%clk 0:58:42]} a6 {[%clk 1:01:01]} 15. Qa2 {[%clk 0:39:00]} b5 {[%clk 0:56:28]}
16. axb6 {[%clk 0:37:48]} cxb6 {[%clk 0:56:43]} 17. Qb1 {[%clk 0:25:38]} a5
{[%clk 0:52:59]} 18. Ng3 {[%clk 0:22:57]} b5 {[%clk 0:52:33]} 19. Bb3
{[%clk 0:23:18]} b4 {[%clk 0:47:25]} 20. c4 {[%clk 0:21:23]} Nb6 {[%clk 0:42:28]}
21. Nf5 {[%clk 0:18:55]} Bc5 {[%clk 0:41:07]} 22. Be3 {[%clk 0:13:12]} Bxe3
{[%clk 0:41:01]} 23. fxe3 {[%clk 0:13:21]} Qd7 {[%clk 0:35:22]} 24. Ng3
{[%clk 0:13:47]} Rfd8 {[%clk 0:35:32]} 25. Bc2 {[%clk 0:08:53]} Bg6
{[%clk 0:32:40]} 26. Rd1 {[%clk 0:05:05]} f5 {[%clk 0:28:09]} 27. Qc1
{[%clk 0:02:32]} Qe7 {[%clk 0:24:14]} 28. b3 {[%clk 0:02:29]} f4 {[%clk 0:14:10]}
29. exf4 {[%clk 0:02:56]} exf4 {[%clk 0:13:53]} 30. Qxf4 {[%clk 0:03:23]} Rf8
{[%clk 0:13:28]} 31. Qg5 {[%clk 0:03:35]} Qxg5 {[%clk 0:12:46]} 32. Nxg5
{[%clk 0:04:02]} Nd4 {[%clk 0:13:06]} 33. Rd2 {[%clk 0:02:08]} a4
{[%clk 0:13:01]} 34. Bd1 {[%clk 0:01:18]} a3 {[%clk 0:10:05]} 35. Nf3
{[%clk 0:01:02]} Rbd8 {[%clk 0:07:07]} 36. Nxd4 {[%clk 0:01:24]} Rxd4
{[%clk 0:07:36]} 37. Bc2 {[%clk 0:01:50]} Rdd8 {[%clk 0:05:44]} 38. Ne2
{[%clk 0:01:04]} Nd7 {[%clk 0:06:00]} 39. Nc1 {[%clk 0:00:40]} Ne5
{[%clk 0:06:14]} 40. Na2 {[%clk 0:00:57]} Rb8 {[%clk 0:05:49]} 41. d4
{[%clk 0:00:55]} Nxc4 {[%clk 0:00:45]} 42. bxc4 {[%clk 0:01:09]} b3
{[%clk 0:48:20]} 43. Bxg6 {[%clk 0:50:34]} hxg6 {[%clk 0:47:55]} 44. Nc3
{[%clk 0:49:17]} Ra8 {[%clk 0:47:56]} 45. Nb1 {[%clk 0:48:16]} a2
{[%clk 0:47:43]} 46. Nc3 {[%clk 0:48:42]} Rfb8 {[%clk 0:47:54]} 47. Rb2
{[%clk 0:46:55]} Rb4 {[%clk 0:47:49]} 48. Kf2 {[%clk 0:46:54]} Rxc4
{[%clk 0:46:28]} 49. Rxb3 {[%clk 0:47:01]} Rxd4 {[%clk 0:46:36]} 50. Rb2
{[%clk 0:37:47]} Rc4 {[%clk 0:46:47]} 51. Ne2 {[%clk 0:35:27]} Rca4
{[%clk 0:47:11]} 52. Kg3 {[%clk 0:35:28]} Kh7 {[%clk 0:45:58]} 53. Nc1
{[%clk 0:35:36]} 1-0

[Event "Hastings Masters"]
[Site "Hastings, England"]
[Date "2014.12.31"
[Round "3.4"]
[White "Anderson, John"]
[WhiteElo "2180"]
[Black "Sengupta, Deep"]
[BlackElo "2566"]
[Result "1/2-1/2"]

1. e4 {[%clk 1:40:55]} e6 {[%clk 1:40:54]} 2. d4 {[%clk 1:41:04]} d5
{[%clk 1:41:20]} 3. Nc3 {[%clk 1:41:24]} Bb4 {[%clk 1:41:44]} 4. e5
{[%clk 1:41:40]} Ne7 {[%clk 1:42:02]} 5. a3 {[%clk 1:41:22]} Bxc3+
{[%clk 1:42:28]} 6. bxc3 {[%clk 1:41:50]} c5 {[%clk 1:42:51]} 7. Qg4
{[%clk 1:42:11]} Qc7 {[%clk 1:42:36]} 8. Qxg7 {[%clk 1:42:24]} Rg8
{[%clk 1:43:02]} 9. Qxh7 {[%clk 1:42:50]} cxd4 {[%clk 1:43:26]} 10. Ne2
{[%clk 1:43:08]} Nbc6 {[%clk 1:43:51]} 11. h4 {[%clk 1:42:09]} Bd7
{[%clk 1:43:36]} 12. Rb1 {[%clk 1:40:55]} dxc3 {[%clk 1:41:02]} 13. Rh3
{[%clk 1:40:55]} O-O-O {[%clk 1:13:18]} 14. Bg5 {[%clk 1:37:00]} Qxe5
{[%clk 0:58:18]} 15. Rxc3 {[%clk 1:31:54]} d4 {[%clk 0:50:58]} 16. Bxe7
{[%clk 1:21:15]} dxc3 {[%clk 0:51:17]} 17. Bxd8 {[%clk 1:21:40]} Rxd8
{[%clk 0:51:43]} 18. Qd3 {[%clk 1:18:34]} Qh5 {[%clk 0:49:23]} 19. Qb5
{[%clk 1:16:18]} Qxb5 {[%clk 0:49:06]} 20. Rxb5 {[%clk 1:16:46]} Kc7
{[%clk 0:22:42]} 21. Rc5 {[%clk 1:14:53]} Kd6 {[%clk 0:23:09]} 22. Rxc3
{[%clk 1:15:02]} Ke7 {[%clk 0:23:34]} 23. g3 {[%clk 1:12:04]} Ne5
{[%clk 0:20:32]} 24. Bg2 {[%clk 1:12:22]} Bc6 {[%clk 0:20:52]} 25. Bxc6
{[%clk 0:59:25]} Nxc6 {[%clk 0:21:18]} 26. f4 {[%clk 0:57:40]} f5
{[%clk 0:14:14]} 27. Rd3 {[%clk 0:54:10]} Rc8 {[%clk 0:14:33]} 28. Rc3
{[%clk 0:51:38]} Rd8 {[%clk 0:13:49]} 29. Ng1 {[%clk 0:51:06]} Kf6
{[%clk 0:12:58]} 30. Nf3 {[%clk 0:51:04]} Re8 {[%clk 0:05:23]} 31. Rc5
{[%clk 0:44:23]} Kg6 {[%clk 0:04:53]} 32. Ne5+ {[%clk 0:28:33]} Nxe5
{[%clk 0:05:18]} 33. Rxe5 {[%clk 0:27:41]} Kh5 {[%clk 0:04:40]} 34. Re3
{[%clk 0:25:54]} Kg4 {[%clk 0:04:41]} 35. Kd2 {[%clk 0:23:00]} Rd8+
{[%clk 0:04:30]} 36. Kc3 {[%clk 0:22:16]} Rd6 {[%clk 0:04:53]} 37. Kc4
{[%clk 0:17:13]} Rc6+ {[%clk 0:01:15]} 38. Kb3 {[%clk 0:11:46]} Rb6+
{[%clk 0:01:33]} 39. Ka2 {[%clk 0:12:03]} Rc6 {[%clk 0:00:59]} 40. Kb2
{[%clk 0:12:24]} Rb6+ {[%clk 0:00:38]} 41. Rb3 {[%clk 0:11:33]} Rc6
{[%clk 0:00:42]} 42. Kc1 {[%clk 0:47:51]} Rc7 {[%clk 0:49:42]} 43. Kd2
{[%clk 0:48:00]} Rd7+ {[%clk 0:47:58]} 44. Rd3 {[%clk 0:48:05]} Rc7
{[%clk 0:47:27]} 45. Rc3 1/2-1/2

[Event "Hastings Masters"]
[Site "Hastings, England"]
[Date "2014.12.31"
[Round "3.5"]
[White "Hawkins, Jonathan"]
[WhiteElo "2552"]
[Black "Gledura, Benjamin"]
[BlackElo "2450"]
[Result "1/2-1/2"]

1. d4 {[%clk 1:37:47]} Nf6 {[%clk 1:40:46]} 2. c4 {[%clk 1:38:11]} g6
{[%clk 1:41:05]} 3. Nc3 {[%clk 1:38:25]} d5 {[%clk 1:41:24]} 4. Nf3
{[%clk 1:38:42]} Bg7 {[%clk 1:41:31]} 5. Qb3 {[%clk 1:39:06]} dxc4
{[%clk 1:41:52]} 6. Qxc4 {[%clk 1:39:30]} O-O {[%clk 1:42:11]} 7. e4
{[%clk 1:39:55]} a6 {[%clk 1:42:33]} 8. e5 {[%clk 1:31:29]} b5 {[%clk 1:42:25]}
9. Qb3 {[%clk 1:31:55]} Nfd7 {[%clk 1:42:33]} 10. e6 {[%clk 1:31:14]} fxe6
{[%clk 1:42:14]} 11. Be3 {[%clk 1:31:21]} Nf6 {[%clk 1:34:31]} 12. a4
{[%clk 1:31:00]} bxa4 {[%clk 1:33:22]} 13. Rxa4 {[%clk 1:30:49]} Bd7
{[%clk 1:29:22]} 14. Ra3 {[%clk 1:29:07]} Nc6 {[%clk 1:28:48]} 15. Bc4
{[%clk 1:23:28]} Rb8 {[%clk 1:27:19]} 16. Bxe6+ {[%clk 1:18:20]} Kh8
{[%clk 1:26:46]} 17. Qc4 {[%clk 1:18:20]} Bxe6 {[%clk 1:13:04]} 18. Qxe6
{[%clk 1:18:13]} Qd6 {[%clk 1:13:03]} 19. Ng5 {[%clk 1:15:42]} Rxb2
{[%clk 1:11:21]} 20. Rxa6 {[%clk 1:16:03]} Qxe6 {[%clk 1:11:27]} 21. Nxe6
{[%clk 1:16:28]} Nb4 {[%clk 1:11:47]} 22. Nd1 {[%clk 1:11:40]} Nxa6
{[%clk 1:07:25]} 23. Nxb2 {[%clk 1:11:53]} Rb8 {[%clk 1:07:42]} 24. Nd1
{[%clk 1:11:31]} Nd5 {[%clk 1:07:30]} 25. O-O {[%clk 1:11:48]} Bf6
{[%clk 1:06:59]} 26. Bd2 {[%clk 1:11:06]} Rb6 {[%clk 1:05:57]} 27. Re1
{[%clk 1:11:11]} Nab4 {[%clk 1:05:33]} 28. Re4 {[%clk 1:09:35]} Nd3
{[%clk 0:55:32]} 29. Kf1 {[%clk 1:09:32]} Rb1 {[%clk 0:55:12]} 30. Ke2
{[%clk 1:07:48]} Nc1+ {[%clk 0:54:41]} 31. Bxc1 {[%clk 1:06:58]} Rxc1
{[%clk 0:55:03]} 32. f3 {[%clk 1:06:08]} 1/2-1/2

[Event "Hastings Masters"]
[Site "Hastings, England"]
[Date "2014.12.31"
[Round "3.6"]
[White "Low, Zhen Yu Cyrus"]
[WhiteElo "2028"]
[Black "Fier, Alexandr"]
[BlackElo "2592"]
[Result "0-1"]

1. e4 {[%clk 1:40:58]} c5 {[%clk 1:40:54]} 2. Nf3 {[%clk 1:41:21]} e6
{[%clk 1:41:20]} 3. d4 {[%clk 1:41:46]} cxd4 {[%clk 1:41:46]} 4. Nxd4
{[%clk 1:42:13]} Nf6 {[%clk 1:42:09]} 5. Nc3 {[%clk 1:42:31]} d6 {[%clk 1:42:34]}
6. Be3 {[%clk 1:42:44]} a6 {[%clk 1:42:55]} 7. Be2 {[%clk 1:43:01]} Be7
{[%clk 1:43:20]} 8. g4 {[%clk 1:43:08]} Nfd7 {[%clk 1:43:42]} 9. Qd2
{[%clk 1:39:57]} b5 {[%clk 1:44:08]} 10. a3 {[%clk 1:39:54]} Bb7 {[%clk 1:44:33]}
11. O-O-O {[%clk 1:36:09]} Nc6 {[%clk 1:44:42]} 12. Kb1 {[%clk 1:35:33]} Rc8
{[%clk 1:43:38]} 13. g5 {[%clk 1:15:39]} Nce5 {[%clk 1:43:37]} 14. f4
{[%clk 1:12:18]} Nc4 {[%clk 1:44:03]} 15. Bxc4 {[%clk 1:12:42]} Rxc4
{[%clk 1:44:28]} 16. Rhe1 {[%clk 1:12:26]} Nc5 {[%clk 1:43:08]} 17. Bf2
{[%clk 1:08:39]} O-O {[%clk 1:43:04]} 18. Bg3 Qa8 19. Qe3 Rc8 20. e5 dxe5 21.
fxe5 b4 22. axb4 Rxb4 23. Bf4 Qb8 24. Qg3 a5 25. Bc1 a4 26. Ncb5 Be4 27. Na3 Bg6
28. Qf3 Rxd4 29. Rxd4 Nb3 30. Rd7 Bxa3 31. Rb7 Qa8 32. Rxb3 Bxc2+ 33. Ka1 axb3
34. Qxa8 Bxb2+ 35. Kxb2 Rxa8 36. Kc3 Rc8+ 37. Kd4 Bf5 38. Bb2 h6 39. Rc1 Rd8+ 40.
Kc4 hxg5 41. Kxb3 Rd2 42. Rh1 g4 43. Bc1 Rf2 44. Kc3 Be4 45. Rg1 Rxh2 46. Rxg4
Rc2+ 47. Kd4 Rxc1 48. Rxe4 Rf1 49. Re2 Rf5 50. Ra2 g5 51. Ke4 Kg7 52. Ra8 g4 53.
Ra1 Kg6 54. Ra8 Kg5 0-1

[Event "Hastings Masters"]
[Site "Hastings, England"]
[Date "2014.12.31"
[Round "3.7"]
[White "Rodshtein, Maxim"]
[WhiteElo "2676"]
[Black "Baterdene, Tsogbayar"]
[BlackElo "1981"]
[Result "1-0"]

1. d4 d5 2. c4 c6 3. Nf3 Nf6 4. e3 e6 5. b3 Nbd7 6. Bd3 Bd6 7. Bb2 O-O 8. O-O Ne4
9. Nc3 f5 10. Ne2 Qf6 11. Qc1 Re8 12. Ne1 Qe7 13. Nf3 Qf6 14. g3 a5 15. a3 h6 16.
Ne1 Qe7 17. f3 Nef6 18. Ng2 Nf8 19. Qc2 Bd7 20. Nc3 Rac8 21. c5 Bc7 22. Rae1 Qd8
23. e4 fxe4 24. fxe4 e5 25. exd5 cxd5 26. Nb5 e4 27. Be2 Bb8 28. Bc1 Ne6 29. Be3
Rf8 30. Nc3 Kh8 31. Nh4 Kg8 32. b4 axb4 33. axb4 Qe8 34. Qb3 Nc7 35. b5 Qe6 36.
Ng6 Rfd8 37. Nf4 Qf7 38. b6 Nce8 1-0

[Event "Hastings Masters"]
[Site "Hastings, England"]
[Date "2014.12.31"
[Round "3.8"]
[White "Mista, Aleksander"]
[WhiteElo "2614"]
[Black "Othman, Mustapha"]
[BlackElo "1973"]
[Result "1-0"]

1. e4 {[%clk 1:40:57]} e5 {[%clk 1:31:54]} 2. Nf3 {[%clk 1:40:58]} d6
{[%clk 1:32:13]} 3. d4 {[%clk 1:41:24]} Bg4 {[%clk 1:32:37]} 4. dxe5
{[%clk 1:40:56]} Nc6 {[%clk 1:32:50]} 5. exd6 {[%clk 1:37:45]} Bxd6
{[%clk 1:33:07]} 6. Nc3 {[%clk 1:37:51]} Nf6 {[%clk 1:32:54]} 7. h3
{[%clk 1:36:53]} Bh5 {[%clk 1:30:58]} 8. Bd3 {[%clk 1:33:48]} h6 {[%clk 1:28:14]}
9. Be3 {[%clk 1:28:43]} Qe7 {[%clk 1:27:47]} 10. g4 {[%clk 1:27:08]} Bg6
{[%clk 1:27:47]} 11. Nd2 {[%clk 1:27:08]} Be5 {[%clk 1:27:47]} 12. f3
{[%clk 1:27:08]} Bg3+ {[%clk 1:27:47]} 13. Kf1 {[%clk 1:27:08]} Be5
{[%clk 1:27:47]} 14. Qe2 {[%clk 1:27:08]} Bd4 {[%clk 1:27:47]} 15. Bb5
{[%clk 1:27:08]} Bxe3 {[%clk 1:27:47]} 16. Qxe3 {[%clk 4:46:52]} O-O
{[%clk 1:12:56]} 17. Bxc6 {[%clk 1:07:43]} bxc6 {[%clk 1:13:17]} 18. Kf2
{[%clk 1:07:53]} Rfe8 {[%clk 1:12:48]} 19. Nb3 {[%clk 1:01:39]} Nd5
{[%clk 1:11:19]} 20. Qd2 {[%clk 1:00:35]} Qh4+ {[%clk 1:08:06]} 21. Kg2
{[%clk 1:00:36]} Nxc3 {[%clk 1:07:29]} 22. Qxc3 {[%clk 0:59:51]} f5
{[%clk 0:38:05]} 23. e5 {[%clk 0:56:02]} Kh7 {[%clk 0:33:36]} 24. Qe3
{[%clk 0:51:22]} Re7 {[%clk 0:29:02]} 25. Nd4 {[%clk 0:44:41]} Rae8
{[%clk 0:22:33]} 26. gxf5 {[%clk 0:39:54]} Rxe5 {[%clk 0:21:30]} 27. fxg6+
{[%clk 0:37:38]} Kxg6 {[%clk 0:21:52]} 28. Qf2 {[%clk 0:37:49]} Qe7
{[%clk 0:09:47]} 29. Rhg1 {[%clk 0:34:47]} Qd7 {[%clk 0:06:46]} 30. b4
{[%clk 0:32:21]} Kh7 {[%clk 0:06:54]} 31. Kh2 {[%clk 0:29:40]} c5
{[%clk 0:06:28]} 32. bxc5 {[%clk 0:30:00]} Rxc5 {[%clk 0:03:59]} 33. Rae1
{[%clk 0:28:06]} Rxe1 {[%clk 0:03:39]} 34. Rxe1 {[%clk 0:28:24]} Rh5
{[%clk 0:03:11]} 35. Ne6 {[%clk 0:28:19]} Rf5 {[%clk 0:02:39]} 36. Qd4
{[%clk 0:26:40]} Qf7 {[%clk 0:01:48]} 37. Qe4 {[%clk 0:25:30]} Kh8
{[%clk 0:01:28]} 38. Rd1 {[%clk 0:24:47]} g6 {[%clk 0:01:09]} 39. Rd8+
{[%clk 0:24:52]} Kh7 {[%clk 0:01:28]} 40. Qd4 {[%clk 0:23:59]} 1-0

[Event "Hastings Masters"]
[Site "Hastings, England"]
[Date "2014.12.31"
[Round "3.9"]
[White "Bogner, Sebastian"]
[WhiteElo "2586"]
[Black "Liang, Jake Z"]
[BlackElo "1953"]
[Result "1-0"]

1. Nf3 {[%clk 1:38:17]} Nf6 {[%clk 1:40:34]} 2. c4 {[%clk 1:38:43]} g6
{[%clk 1:40:50]} 3. Nc3 {[%clk 1:38:12]} Bg7 {[%clk 1:40:40]} 4. d4
{[%clk 1:37:30]} d5 {[%clk 1:39:53]} 5. cxd5 {[%clk 1:34:33]} Nxd5
{[%clk 1:39:34]} 6. Bg5 {[%clk 1:31:23]} h6 {[%clk 1:24:22]} 7. Bh4
{[%clk 1:29:03]} Nxc3 {[%clk 1:21:14]} 8. bxc3 {[%clk 1:29:26]} O-O
{[%clk 1:19:20]} 9. e3 {[%clk 1:29:25]} c5 {[%clk 1:17:52]} 10. Be2
{[%clk 1:29:48]} Nd7 {[%clk 1:16:25]} 11. O-O {[%clk 1:29:25]} Re8
{[%clk 1:05:40]} 12. Qb3 {[%clk 1:27:15]} Qa5 {[%clk 0:59:51]} 13. Rfd1
{[%clk 1:22:55]} e6 {[%clk 0:42:32]} 14. Nd2 {[%clk 1:21:27]} cxd4
{[%clk 0:35:13]} 15. cxd4 {[%clk 1:20:30]} g5 {[%clk 0:25:01]} 16. Nc4
{[%clk 1:18:22]} Qa6 {[%clk 0:22:37]} 17. Bg3 {[%clk 1:18:27]} Nf6
{[%clk 0:20:39]} 18. Bd3 {[%clk 1:07:00]} Rd8 {[%clk 0:15:54]} 19. Bc7
{[%clk 1:05:43]} Rd5 {[%clk 0:12:11]} 20. Nb6 {[%clk 1:04:13]} 1-0

[Event "Hastings Masters"]
[Site "Hastings, England"]
[Date "2014.12.31"
[Round "3.10"]
[White "Bellin, Robert"]
[WhiteElo "2338"]
[Black "Flear, Glenn C"]
[BlackElo "2460"]
[Result "1/2-1/2"]

1. e4 {[%clk 1:40:58]} e5 {[%clk 1:39:05]} 2. Nf3 {[%clk 1:41:21]} Nc6
{[%clk 1:39:31]} 3. Bb5 {[%clk 1:41:27]} a6 {[%clk 1:39:52]} 4. Ba4
{[%clk 1:41:05]} Nf6 {[%clk 1:39:51]} 5. O-O {[%clk 1:40:52]} b5 {[%clk 1:40:10]}
6. Bb3 {[%clk 1:41:17]} Bc5 {[%clk 1:40:32]} 7. d3 {[%clk 1:40:03]} h6
{[%clk 1:37:08]} 8. Be3 {[%clk 1:35:24]} d6 {[%clk 1:35:40]} 9. Qe1
{[%clk 1:28:38]} O-O {[%clk 1:33:08]} 10. a4 {[%clk 1:22:50]} Rb8
{[%clk 1:31:20]} 11. axb5 {[%clk 1:23:09]} axb5 {[%clk 1:31:42]} 12. c3
{[%clk 1:06:12]} Bb6 {[%clk 1:27:39]} 13. Nbd2 {[%clk 1:01:12]} Re8
{[%clk 1:25:41]} 14. Bxb6 {[%clk 0:54:15]} Rxb6 {[%clk 1:25:28]} 15. Ra8
{[%clk 0:54:39]} Ra6 {[%clk 1:18:55]} 16. Rxa6 {[%clk 0:55:03]} Bxa6
{[%clk 1:19:18]} 17. Qa1 {[%clk 1:00:08]} Bb7 {[%clk 1:18:44]} 18. Qa2
{[%clk 0:54:27]} Qd7 {[%clk 1:16:08]} 19. Ra1 {[%clk 0:54:50]} Ra8
{[%clk 1:12:26]} 20. Qb1 {[%clk 0:55:05]} Rxa1 {[%clk 1:06:09]} 21. Qxa1
{[%clk 0:55:28]} d5 {[%clk 1:02:00]} 22. Qa2 {[%clk 0:45:34]} dxe4
{[%clk 1:01:46]} 23. Nxe4 {[%clk 0:45:54]} Nxe4 {[%clk 1:00:25]} 24. dxe4
{[%clk 0:46:18]} Nd8 {[%clk 0:56:22]} 25. Qb1 {[%clk 0:30:25]} Qd6
{[%clk 0:50:58]} 26. Qd1 {[%clk 0:29:22]} Qxd1+ {[%clk 0:43:05]} 27. Bxd1
{[%clk 0:29:50]} f6 {[%clk 0:42:59]} 1/2-1/2